[Event "Satka Metallurg op"]
[Site "Satka"]
[Date "2012.07.10"]
[Round "9"]
[White "Bogachev, Victor"]
[Black "Buldakova, Irina"]
[Result "1-0"]
[WhiteElo "1886"]
[BlackElo "1782"]
[PlyCount "61"]
[EventDate "2012.07.02"]
[EventType "swiss"]
[EventRounds "9"]
[EventCountry "RUS"]
[SourceTitle "EXT 2013"]
[Source "ChessBase"]
[SourceDate "2012.11.22"]
[SourceVersion "1"]
[SourceVersionDate "2012.11.22"]
[SourceQuality "1"]

1. e4 c5 2. Nf3 d6 3. d4 cxd4 4. Nxd4 Nf6 5. Bd3 a6 6. 0-0 e6 7. h3 Be7 8. Be3 0-0 9. Nd2 Nc6 10. N2b3 Qc7 11. c3 b5 12. Rc1 Bb7 13. c4 b4 14. f3 Ne5 15. Bb1 Rac8 16. Nd2 Rfd8 17. Qa4 a5 18. Nb5 Bc6 19. Nb3 Qd7 20. Bb6 Rf8 21. Nxa5 d5 22. Rfd1 Bxb5 23. Qxb5 Qxb5 24. cxb5 Ned7 25. Nc6 Bd6 26. Ba5 Ra8 27. Bxb4 Bxb4 28. Nxb4 Rfb8 29. exd5 Rxb5 30. dxe6 fxe6 31. a3 1-0

[Event "Satka Metallurg op"]
[Site "Satka"]
[Date "2012.07.04"]
[Round "3"]
[White "Muksimova, Oksana"]
[Black "Bogachev, Victor"]
[Result "1-0"]
[WhiteElo "1799"]
[BlackElo "1886"]
[PlyCount "99"]
[EventDate "2012.07.02"]
[EventType "swiss"]
[EventRounds "9"]
[EventCountry "RUS"]
[SourceTitle "EXT 2013"]
[Source "ChessBase"]
[SourceDate "2012.11.22"]
[SourceVersion "1"]
[SourceVersionDate "2012.11.22"]
[SourceQuality "1"]

1. d4 d5 2. Nf3 Bf5 3. c4 c6 4. e3 e6 5. a3 Nf6 6. Nc3 Nbd7 7. Be2 dxc4 8. Bxc4 Nb6 9. Bd3 Bg4 10. h3 Bh5 11. g4 Bg6 12. Ne5 Bd6 13. f4 Qc7 14. e4 Bxe5 15. dxe5 Nfd7 16. b4 Nxe5 17. fxe5 Qxe5 18. Qc2 Qg3+ 19. Kf1 Qf3+ 20. Kg1 0-0-0 21. Be2 Qg3+ 22. Kf1 f5 23. exf5 exf5 24. gxf5 Rhf8 25. Bg4 h5 26. Ne2 Qd6 27. Bf4 Qd5 28. Kf2 hxg4 29. hxg4 Bf7 30. Rad1 Qc4 31. Qxc4 Bxc4 32. Rxd8+ Rxd8 33. Rh7 Rg8 34. Be3 Nd7 35. g5 Bd3 36. Ng3 b6 37. Bd4 g6 38. f6 c5 39. bxc5 bxc5 40. Bc3 Re8 41. Re7 Rd8 42. f7 Bc4 43. Ne4 Rf8 44. Nd6+ Kd8 45. Re8+ Kc7 46. Rxf8 Nxf8 47. Nxc4 Kd7 48. Bg7 Ne6 49. f8Q Nxf8 50. Bxf8 1-0

[Event "Satka Metallurg op"]
[Site "Satka"]
[Date "2012.07.02"]
[Round "1"]
[White "Baigildin, Albert"]
[Black "Bogachev, Victor"]
[Result "1-0"]
[WhiteElo "2190"]
[BlackElo "1886"]
[PlyCount "77"]
[EventDate "2012.07.02"]
[EventType "swiss"]
[EventRounds "9"]
[EventCountry "RUS"]
[SourceTitle "EXT 2013"]
[Source "ChessBase"]
[SourceDate "2012.11.22"]
[SourceVersion "1"]
[SourceVersionDate "2012.11.22"]
[SourceQuality "1"]

1. e4 c6 2. d4 d5 3. Nc3 dxe4 4. Nxe4 Nf6 5. Nxf6+ exf6 6. Nf3 Bd6 7. Be2 0-0 8. 0-0 Bg4 9. h3 Bh5 10. c4 Nd7 11. Qb3 Re8 12. Re1 Qb6 13. Qxb6 axb6 14. Bd2 Nf8 15. d5 Nd7 16. Be3 Bc5 17. Bxc5 bxc5 18. dxc6 bxc6 19. g4 Bg6 20. Nh4 Ne5 21. Nxg6 Nxg6 22. a3 Rab8 23. Rab1 h6 24. b4 cxb4 25. axb4 Nf4 26. Kf1 g5 27. b5 cxb5 28. cxb5 Re5 29. b6 Nxe2 30. Rxe2 Rxe2 31. Kxe2 Rb7 32. Kd3 Kf8 33. Kc4 Ke7 34. Kc5 Kd7 35. Rd1+ Kc8 36. Ra1 Kb8 37. Re1 Rd7 38. Kc6 Rd8 39. b7 1-0